000 00395cam a2200169ua 4500
001 6668
008 190503n II |||gr||||Z||||||eng
040 _aMAIN
041 _aEnglish
082 _a200.9145 GOG
100 _aGOGOI , PADMESWAR .
245 _aTAI AHOM RELIGION AND CUSTOMS
260 _aASSAM:
_bPUBLICATION BOARD ,
_c1976.
300 _a117.
653 _aReligion
942 _cBK
999 _c6653
_d6653